Random Country Regions #1 - Statistics

General Stats
  • This quiz has been taken 32 times
  • The average score is 17 of 20
Answer Stats
Region Country % Correct
Queensland Australia
100%
British Columbia Canada
100%
Tibet China
100%
Kaliningrad Russia
100%
Catalonia Spain
100%
Cornwall UK
100%
Arizona USA
100%
Lapland Finland
97%
Brittany France
97%
Uttar Pradesh India
97%
Saxony Germany
94%
Kyoto Japan
94%
Zeeland Netherlands
94%
Zealand Denmark
84%
Balochistan Pakistan
71%
St. Gallen Switzerland
71%
Chiang Mai Thailand
68%
Van Turkey
55%
Johor Malaysia
42%
Acre Brazil
39%
No matching quizzes found
Score Distribution
Percent of People with Each Score
Percentile by Number Answered
Your Score History
You have not taken this quiz